Las funciones del estado en un sistema democrático participativo
保存先:
| 主要な著者: | , , , |
|---|---|
| その他の著者: | , |
| フォーマット: | 図書 |
| 言語: | スペイン語 |
| 出版事項: |
Valparaíso
Universidad Católica de Valparaíso
1990
|
| 主題: | |
| タグ: |
タグ追加
タグなし, このレコードへの初めてのタグを付けませんか!
|
MARC
| LEADER | 00000cam a2200000 a 4500 | ||
|---|---|---|---|
| 001 | UCP6587 | ||
| 003 | CL-VaPUC | ||
| 008 | 991029e19900000CL |||||||||||||||||spa|d | ||
| 082 | 0 | 4 | |a 320.1 |b ROS |2 21 |
| 100 | |a Rossi Ansoleaga, Aldo H. |e autor |9 745394 | ||
| 700 | 0 | |a Parada Espinoza, Fernando |e author |9 435768 | |
| 700 | |a Obando Camino, Iván Mauricio |e autor |9 820754 | ||
| 700 | 0 | |a Morandé Larraín, Arturo |e author |9 435770 | |
| 700 | |a Bronfman Vargas, Alan Julio |e autor |9 814208 | ||
| 700 | 0 | |a Canales Valenzuela, Enrique |e author |9 435772 | |
| 245 | 1 | 4 | |a Las funciones del estado en un sistema democrático participativo |
| 300 | |a 343 p | ||
| 942 | |c BK | ||
| 945 | |d 19991029 00:00:00 |a crobeson | ||
| 260 | |a Valparaíso |b Universidad Católica de Valparaíso |c 1990 | ||
| 600 | 0 | |a Congreso Nacional de Chile |9 256491 | |
| 650 | 0 | |a Estado |9 255503 | |
| 650 | 0 | |a Democracia |9 255256 | |
| 650 | 0 | |a Función administrativa |9 384495 | |
| 650 | 0 | |a Política y gobierno |9 255151 | |
| 650 | 7 | |a FUNCION LEGISLATIVA |2 CL-VaPUC |9 391172 | |
| 583 | |a last modification |c 20130925 07:25:40 |k Rodrigo Vera | ||
| 999 | |c 284094 |d 284092 | ||
| 952 | |0 0 |1 0 |4 0 |6 320_100000000000000_ROS_1990 |7 0 |8 A |9 327840 |a BIBHIS |b BIBHIS |d 2019-11-20 |i 1370766 |o 320.1 ROS 1990 |p 1370766 |r 2025-01-20 |w 2019-11-20 |y BK |k HIS | ||
| 952 | |0 0 |1 0 |4 0 |6 320_100000000000000_ROS_1990 |7 0 |8 A |9 327841 |a BIBDER |b BIBDER |d 2019-11-20 |i 3579085 |o 320.1 ROS 1990 |p 3579085 |r 2023-01-25 |w 2019-11-20 |y BK |k DER | ||
| 952 | |0 0 |1 0 |4 0 |6 320_100000000000000_ROS_1990 |7 0 |8 A |9 327842 |a BIBHIS |b BIBHIS |d 2019-11-20 |i 4931785 |o 320.1 ROS 1990 |p 4931785 |r 2025-01-20 |w 2019-11-20 |y BK |k HIS | ||